000 00739nam a2200181Ia 4500
008 090123s9999 xx 000 0 und d
082 _b21874
_a891.463/काकोड
100 _aकाकोडकर चंद्रकांत कल्याणदास
245 _aजादुगार नयन तुझे
250 _a0
260 _bमेहुल प्रकाशन
_c1993
300 _a128
600 _aकाकोडकर चंद्रकांत कल्याणदास
630 _aजादुगार नयन तुझे
700 _aकाकोडकर चंद्रकांत कल्याणदास
730 _aजादुगार नयन तुझे
942 _cBOOK
999 _c59946
_d59946